[Event "Ramat Hasharon"]
[Site "Ramat Hasharon"]
[Date "1992.??.??"]
[Round "4"]
[White "Barash, Danny"]
[Black "Zilberman, Yaacov"]
[Result "0-1"]
[WhiteElo "2205"]
[BlackElo "2490"]
[PlyCount "74"]
[EventDate "1992.??.??"]
[EventType "tourn"]
[EventRounds "11"]
[EventCountry "ISR"]
[EventCategory "4"]
[SourceTitle "EXT 1997"]
[Source "ChessBase"]
[SourceDate "1996.11.15"]
[SourceVersion "1"]
[SourceVersionDate "1996.11.15"]
[SourceQuality "1"]

1. e4 c5 2. f4 d5 3. exd5 Qxd5 4. Nc3 Qd8 5. Nf3 Nc6 6. Bb5 Bd7 7. Bxc6 Bxc6 8. Qe2 Nf6 9. Ne5 Rc8 10. b3 Nd5 11. 0-0 Nb4 12. Qd1 e6 13. a3 Nd5 14. Bb2 Nf6 15. Qe2 Be7 16. Rae1 0-0 17. f5 Bd5 18. d3 exf5 19. Nxd5 Nxd5 20. Rxf5 Bf6 21. c4 Nc7 22. Ref1 Bxe5 23. Qxe5 Ne6 24. Qe4 Qb6 25. Rh5 h6 26. Rxh6 gxh6 27. Rf6 Rfd8 28. Rxh6 Kf8 29. Bf6 Ke8 30. Rh8+ Kd7 31. Bxd8 Rxd8 32. Rxd8+ Kxd8 33. h4 Qxb3 34. Kh2 Ke8 35. h5 Qd1 36. g4 Kf8 37. Kg3 Qg1+ 0-1

[Event "Ramat Hasharon"]
[Site "Ramat Hasharon"]
[Date "1992.??.??"]
[Round "6"]
[White "Haimovich, Tal"]
[Black "Barash, Danny"]
[Result "0-1"]
[WhiteElo "2255"]
[BlackElo "2205"]
[PlyCount "80"]
[EventDate "1992.??.??"]
[EventType "tourn"]
[EventRounds "11"]
[EventCountry "ISR"]
[EventCategory "4"]
[SourceTitle "EXT 1997"]
[Source "ChessBase"]
[SourceDate "1996.11.15"]
[SourceVersion "1"]
[SourceVersionDate "1996.11.15"]
[SourceQuality "1"]

1. d4 Nf6 2. c4 g6 3. g3 Bg7 4. Bg2 d6 5. Nf3 0-0 6. 0-0 Nbd7 7. Nc3 e5 8. e4 c6 9. h3 Re8 10. Be3 a6 11. Qc2 b5 12. cxb5 axb5 13. Rfd1 exd4 14. Nxd4 Bb7 15. Nce2 Rc8 16. Nb3 Qe7 17. Rac1 c5 18. Nc3 b4 19. Nd5 Nxd5 20. exd5 Ra8 21. Qb1 Qf6 22. Rc2 Ne5 23. Nd2 Ba6 24. Bf1 Bxf1 25. Rxf1 Qf5 26. Kh2 Qd3 27. Bf4 Qxd5 28. Bxe5 Qxe5 29. Nc4 Qe6 30. b3 Bd4 31. Qd1 d5 32. Nd2 Bc3 33. Nb1 d4 34. Nxc3 bxc3 35. Qd3 Qe4 36. Rd1 Qxd3 37. Rxd3 Re1 38. b4 Ra1 39. bxc5 R8xa2 40. Rxa2 Rxa2 0-1

[Event "Ramat Hasharon"]
[Site "Ramat Hasharon"]
[Date "1992.??.??"]
[Round "5"]
[White "Varga, Zoltan"]
[Black "Barash, Danny"]
[Result "1-0"]
[WhiteElo "2480"]
[BlackElo "2205"]
[PlyCount "75"]
[EventDate "1992.??.??"]
[EventType "tourn"]
[EventRounds "11"]
[EventCountry "ISR"]
[EventCategory "4"]
[SourceTitle "EXT 1997"]
[Source "ChessBase"]
[SourceDate "1996.11.15"]
[SourceVersion "1"]
[SourceVersionDate "1996.11.15"]
[SourceQuality "1"]

1. e4 c5 2. Nf3 e6 3. d4 cxd4 4. Nxd4 Nf6 5. Nc3 d6 6. Be3 Be7 7. g4 a6 8. g5 Nfd7 9. Qh5 g6 10. Qh6 Bf8 11. Qh3 b5 12. 0-0-0 b4 13. Nce2 e5 14. Nb3 Nc5 15. Qg2 Nxb3+ 16. axb3 a5 17. Kb1 a4 18. Nc1 a3 19. Bb5+ Bd7 20. Rd5 axb2 21. Nd3 Qc8 22. Nxb4 Qc3 23. Na2 Rxa2 24. Kxa2 Nc6 25. Kb1 Nb4 26. Bxd7+ Kxd7 27. Qg4+ Ke7 28. Qd1 Nxd5 29. Qxd5 Bg7 30. Rd1 Rd8 31. Rd3 Qc8 32. Kxb2 Qa6 33. Bc5 Kf8 34. Bb4 Kg8 35. Qa5 Qc8 36. Rxd6 Re8 37. Qd5 Bf8 38. Rd7 1-0

[Event "Ramat Hasharon"]
[Site "Ramat Hasharon"]
[Date "1990.??.??"]
[Round "?"]
[White "Zifroni, Dov"]
[Black "Barash, Danny"]
[Result "0-1"]
[WhiteElo "2205"]
[BlackElo "2205"]
[PlyCount "90"]
[EventDate "1990.??.??"]
[EventType "tourn"]
[EventRounds "11"]
[EventCountry "ISR"]
[EventCategory "4"]
[SourceTitle "EXT 2003"]
[Source "ChessBase"]
[SourceDate "2002.11.25"]
[SourceVersion "1"]
[SourceVersionDate "2002.11.25"]
[SourceQuality "1"]

1. e4 c5 2. c3 d6 3. d4 Nf6 4. Bd3 cxd4 5. cxd4 g6 6. Nc3 Bg7 7. Bb5+ Nfd7 8. Nf3 0-0 9. 0-0 a6 10. Bd3 Nc6 11. Be3 b5 12. Rc1 Bb7 13. a4 b4 14. Ne2 e5 15. d5 Ne7 16. Qd2 a5 17. Bb5 Nf6 18. Qc2 Rc8 19. Qb1 Rxc1 20. Bxc1 Qa8 21. Ng3 Ba6 22. Qd3 Bxb5 23. Qxb5 Rb8 24. Qd3 Qb7 25. Nd2 Nd7 26. Nb3 Nc5 27. Nxc5 dxc5 28. Be3 Qd7 29. Bxc5 Rc8 30. Bxe7 Qxe7 31. Rd1 Qd7 32. Qa6 Rc5 33. b3 Bf8 34. Nf1 Qg4 35. f3 Qg5 36. Qe2 Rc3 37. d6 Rxb3 38. d7 Be7 39. Qc4 Rc3 40. Qc8+ Bd8 41. Kh1 Kg7 42. Qb8 Rc1 43. Rxc1 Qxc1 44. Kg1 Qc5+ 45. Kh1 Bb6 0-1

[Event "Israel1"]
[Site "Israel"]
[Date "1988.??.??"]
[Round "?"]
[White "Michaelsen, Nils"]
[Black "Barash, Danny"]
[Result "1-0"]
[WhiteElo "2310"]
[BlackElo "2240"]
[PlyCount "75"]
[EventDate "1988.??.??"]
[EventType "tourn"]
[EventRounds "11"]
[EventCountry "ISR"]
[EventCategory "4"]
[SourceTitle "EXT 2004"]
[Source "ChessBase"]
[SourceDate "2003.11.25"]
[SourceVersion "1"]
[SourceVersionDate "2003.11.25"]
[SourceQuality "1"]

1. d4 Nf6 2. c4 e6 3. Nf3 Bb4+ 4. Nbd2 c5 5. a3 Bxd2+ 6. Bxd2 b6 7. Bg5 0-0 8. e3 Bb7 9. Be2 h6 10. Bh4 g5 11. Bg3 Ne4 12. d5 f5 13. Qb3 d6 14. dxe6 Qe7 15. 0-0-0 Nc6 16. Qc2 Qxe6 17. Nd2 Nxd2 18. Rxd2 f4 19. Rhd1 Rad8 20. exf4 Nd4 21. Rxd4 cxd4 22. fxg5 Be4 23. Qd2 d3 24. Bxd3 Bxd3 25. Qxd3 hxg5 26. Qd5 Kf7 27. Kb1 Qxd5 28. Rxd5 Kg6 29. f3 Rfe8 30. h4 gxh4 31. Bxh4 Rd7 32. g4 Re5 33. Rd4 d5 34. f4 Re4 35. Rxd5 Rxd5 36. cxd5 Rxf4 37. d6 Kf7 38. d7 1-0

[Event "London Peace"]
[Site "London"]
[Date "1987.??.??"]
[Round "?"]
[White "Lobron, Eric"]
[Black "Barash, Danny"]
[Result "1-0"]
[WhiteElo "2530"]
[BlackElo "2240"]
[PlyCount "59"]
[EventDate "1987.09.??"]
[EventType "swiss"]
[EventRounds "11"]
[EventCountry "ENG"]
[SourceTitle "TD"]
[Source "ChessBase"]
[SourceDate "1994.03.01"]
[SourceVersion "1"]
[SourceVersionDate "1994.03.01"]
[SourceQuality "1"]

1. e4 c5 2. Nf3 e6 3. d4 cxd4 4. Nxd4 Nf6 5. Nc3 d6 6. g4 a6 7. g5 Nfd7 8. h4 b5 9. a3 Bb7 10. h5 Be7 11. Rg1 g6 12. Qf3 Qc7 13. Qh3 Rf8 14. f4 Nc5 15. Bg2 e5 16. Nde2 Ne6 17. hxg6 hxg6 18. f5 Nd4 19. Qd3 Qc4 20. Nxd4 exd4 21. Ne2 Nc6 22. Bf4 Qxd3 23. cxd3 Ne5 24. 0-0-0 Bd8 25. Kb1 Bb6 26. Ng3 Kd8 27. Rh1 Bc6 28. Bxe5 dxe5 29. Rdf1 Bc5 30. Rc1 1-0